000 00718nam a22002417a 4500
003 OSt
005 20260406114113.0
008 260406b |||||||| |||| 00| 0 eng d
020 _a9780716649472
040 _cHS LRC
050 _aTK 5105.59
_b.L847cy 2023
100 _aLondon, Martha
_9131539
245 _aCybersecurity /
_cby Martha London ; consultant Emma Ryan
260 _aMinnesota :
_bBearport,
_cc2023.
265 _aPES
300 _a32 pages :
_bcolor illustrations ;
_c24 cm.
365 _b3,000.00
440 _aIn The News : Need To Know
_9131540
504 _aIncludes index.
650 _aComputer networks
_xSecurity measures
_9130124
650 _aComputer security
_965735
942 _2lcc
_cBK
999 _c94052
_d94052